| 000 | 00576 a2200169 4500 | ||
|---|---|---|---|
| 020 | _a086037128X (paperback) | ||
| 020 | _a9780860371281 (paperback) | ||
| 090 |
_c4994 _d4994 |
||
| 245 | 1 | 0 |
_aIslamic economics / _cMuhammad Akram Khan. |
| 260 |
_a[S.l.] : _bIslamic Foundation, _c1983. |
||
| 300 |
_a224 p. ; _c21 cm. |
||
| 490 | 1 | _aIslamic economic series) (V. 1. | |
| 700 | 1 | _aKhan, Muhammad Akram. | |
| 830 | 0 | _aIslamic economic series) (V. 1. | |
| 856 | 4 | 0 |
_3Amazon.com _uhttp://www.amazon.com/exec/obidos/ASIN/086037128X/chopaconline-20 |
| 942 |
_aNBS _cBK _k297.19785 KHA |
||
| 999 |
_c347420 _d347420 |
||